Регионална библиотека "Любен Каравелов" - Русе

Сочинения А. С. Пушкина (Запис номер 428456)

MARC детайли
000 -Лидер
Контролно поле с фиксирана дължина 01177nam a2200265 a 4500
003 - Код на организацията, давaща контролен номер
Контролно поле BLK
005 - Дата и час на последна редакция
Контролно поле 20230715005253.0
008 - Елементи от данни с фиксирана дължина
fixed length control field 210623b bu |||||r|||| 00| 0 bu d
040 ## - Източник на каталожния запис
Идентификатор на билиотеката - собственик на записа BLK
041 ## - Код за език
Код за езика на текст/звукозапис или на отделно заглавие Руски
Код за езика КДБФ Руски
080 ## - УДК
Текстов определител УДК Руска литература
УДК код - определител по УДК 821.161.1
УДК определител (081.1)
УДК - код + определител 821.161.1(081.1)
100 ## - Редна дума - Автор
Автор Пушкин, Александър Сергеевич
Дати, свързани с автора 1799-1837
R(LIN) 364559
139 ## - Редно поле
Редна дума Пушкин, Александър Сергеевич
245 ## - Сведения за заглавието
Заглавие Сочинения А. С. Пушкина
Подзаглавни данни Т. 1 -
Редно поле (дума) Александр Сергеевич Пушкин; под ред. П. А. Ефремова
Том Т. 3
Заглавие на том Стихотворения 1831 - 1836 г. : с приложением снимка памятника поэту в Москве в 1880 г.
250 ## - Област на изданието
Сведения за изданието 8-е изд. испр. и доп.
260 ## - Област на издателските данни
9 (RLIN) 462405
Място на издаване, разпространение и проч. Москва
Име на издателя, разпространителя и проч. Ф. И. Анский
Година на издаване 1882
300 ## - Физическа характеристика
Страници 4, 448 с., 1 л. фронт ил.
Размери/Мащаб 21 см
380 ## - Жанр
Жанр Худож. лит.
490 ## - СЕРИИ (Колекции)
9 (RLIN) 435080
Име на серия Колекция Редки и ценни издания
852 ## - Местоположение
Форматна сигнатура Рр 882
Фондова буква Редки и ценни
999 ## - СИСТЕМНИ КОНТРОЛНИ НОМЕРА
Koha biblionumber 428456
Koha biblioitemnumber 428456
942 ## - АРТИКУЛИ
Вид на библиотечния материал Книги
Скрит в OPAC Не
Периодичен библиозапис Да
944 ## - СЪЗДАВАНЕ И РЕДАКЦИЯ на ЗАПИСА
Създаване/Редакция Създаване
Дата на регистрацията/редакция 2021-08-13
Служител, извършил регистрацията/редакцията
Статус, дата на статуса CRON CRON
999 ## - СИСТЕМНИ КОНТРОЛНИ НОМЕРА
Koha biblioitemnumber 428454
999 ## - СИСТЕМНИ КОНТРОЛНИ НОМЕРА
Koha biblioitemnumber 428453
Наличности
Код за отписване Код за изгубен артикул Източник на класификационната схема Код за повреда Коз за рестрикции Код за отдаване Артикулен № Име на библиотеката - собственик Име на библиотеката, в която се намира в момента Статус (Текущо местоположение) Дата на вписване в системата Местоположение - отдел Цена в лева Инвентарен номер Систематично азбучна сигнатура Баркод Цена в евро Служебен тип на артикула
  Не е изгубен Universal Decimal Classification Не е повреден само за читалня Специални фондове ( старопечатни, редки и ценни, фонд М. Арнаудов) 854168 Регионална библиотека "Любен Каравелов" Русе Регионална библиотека "Любен Каравелов" Русе Редки и ценни 2021-09-23 Редки и ценни 0.41 1300-ІІІ Рр 882 900000073283 0.21 Книги
Vip Innovations Ltd, Rousse, Bulgaria 2025